| 000 | 01096cam a2200301 4500 | ||
|---|---|---|---|
| 001 | 2181988 | ||
| 003 | ARRUPE | ||
| 005 | 20140121144302.0 | ||
| 008 | 710628s1971 nyuc b 001 0beng | ||
| 010 | _a 70152571 | ||
| 020 | _a0805203052 | ||
| 040 |
_aDLC _cDLC _dDLC |
||
| 050 | 0 | 0 |
_aHX914.K7 _bW6 1971 |
| 051 |
_aHX914.K7 _bW6 1971 Copy 3 _cCopy 3. Gift of Paul Avrich, Aug. 26, 1986. |
||
| 082 | 0 | 0 |
_a947.08/0924 _aB |
| 100 | 1 |
_aWoodcock, George, _d1912- _96849 |
|
| 245 | 1 | 4 |
_aThe anarchist prince; _ba biographical study of Peter Kropotkin, _cby George Woodcock and Ivan Avakumović. |
| 260 |
_aNew York, _bSchocken Books _c[1971] |
||
| 300 |
_a465 p. _bports. _c21 cm. |
||
| 350 | _a$3.95 | ||
| 490 | 0 | _aStudies in the libertarian and utopian tradition | |
| 504 | _aBibliography: p. 455-459. | ||
| 600 | 1 | 0 |
_aKropotkin, Petr Alekseevich, _ckni︠a︡zʹ, _d1842-1921. _96850 |
| 700 | 1 |
_aAvakumovic, Ivan, _ejoint author. _96851 |
|
| 710 | 2 |
_aPaul Avrich Collection (Library of Congress) _5DLC _96852 |
|
| 906 |
_a7 _bcbc _corignew _d2 _encip _f19 _gy-gencatlg |
||
| 942 |
_2lcc _cMONOGRAPH |
||
| 999 |
_c119625 _d119625 |
||